Statistics for Capitals Between Moscow and New Delhi

Click here to take the quiz!

General Stats

  • This quiz has been taken 41 times
  • The average score is 21 of 28

Answer Stats

longitude east capital % Correct
73 04'Islamabad
97%
69 10'Kabul
94%
51 25'Tehran
92%
44 26'Baghdad
92%
49 53'Baku
92%
71 26'Astana
89%
49 08'Kuwait City
89%
44 12'Sana'a
86%
69 13'Tashkent
86%
58 36'Muscat
86%
54 22'Abu Dhabi
86%
46 43'Riyadh
83%
51 32'Doha
81%
44 31'Yerevan
81%
74 37'Bishkek
78%
44 47'Tbilisi
78%
58 22'Ashgabat
72%
73 31'Male
72%
50 35'Manama
69%
68 47'Dushanbe
64%
45 21'Mogadishu
64%
38 56'Asmara
58%
57 27'Victoria
58%
47 31'Antananarivo
58%
43 09'Djibouti
58%
57 30'Port Louis
50%
43 12'Moroni
50%
38 44'Addis Ababa
44%

Score Distribution

Percentile by Number Answered

Percent of People with Each Score

Your Score History

You have not taken this quiz